000 00430cam a2200169ua 4500
041 _aeng
_h
082 _a658.4034
_bBAS/OP
100 _aBasu, S.K .
245 _aOperations resaearch for engineers /
_cS.K. basu.
_hTextual Documents
260 _aMumbai :
_bOxford & IBH Book Company ,
_c1998.
300 _a350 ; .
504 _a
700 1 _aBagchi, H .
700 1 _aPAl, D.K .
942 _cBK
999 _c12393
_d12393